Taylor Swift - Paroles exile (feat. Bon Iver) - Statistiques

Statistiques générales
  • Ce quiz a été pris 245 fois
  • Le résultat moyen est 390 sur 449
Statistiques - réponses
Hint Réponse % Correct
Couplet 1 | Couplet 2 | Refrain I
100%
(I
100%
no
100%
see
100%
you
100%
You
100%
(you
100%
a
99%
the
99%
your
98%
And
97%
and
97%
can
97%
didn't
97%
(didn't
97%
like
97%
Like
97%
So
97%
so
97%
(so
97%
thin
97%
this
97%
before
96%
ending
96%
film
96%
I'm
96%
I've
96%
my
96%
not
96%
out
96%
out,
96%
out)
96%
am
95%
exile,
95%
seen
95%
do
94%
in
94%
now?
94%
Now
94%
think
94%
anymore
93%
To
93%
to
93%
We
93%
all
92%
All
92%
for
92%
me
92%
You're
92%
honey
91%
is
91%
many
91%
Of
91%
there
91%
time
91%
were
91%
who
91%
hear
89%
sign
88%
sign)
88%
never
87%
(never
87%
gave
86%
homeland
86%
defending
85%
right
85%
step
85%
amount
84%
around
84%
around)
84%
signs)
84%
signs,
84%
signs
84%
what
84%
even
83%
seein'
83%
at
82%
standing,
82%
town
82%
With
82%
with
82%
it
80%
mind
80%
mind)
80%
arms
78%
crying
78%
door
78%
leavin'
78%
line
78%
body
77%
funny
77%
problem
77%
read
77%
very
77%
leave
76%
starin',
76%
but
75%
crown
75%
always
73%
his
73%
joke's
73%
side
73%
warning
73%
five
72%
minutes
72%
took
72%
walked
71%
Laughin',
70%
just
69%
learned
65%
things
65%
up
65%
whole
65%
offending
64%
pack
63%
turn
63%
on
62%
us
61%
bloody
60%
Second,
59%
understudy
59%
injury
56%
chances
54%
he's
54%
get
53%
third,
53%
love
51%
turned
50%
breaking
49%
couldn't
49%
Balancin'
47%
eyes
47%
Those
47%
you'd
46%
hall
45%
'Cause
44%
here
44%
knuckles
43%
insult
42%
add
38%
branches
38%
Holdin'
34%
hundredth
34%
Ah,
30%
ah
30%
Aucun quiz correspondant
Distribution des résultats
% des personnes avec chaque résultat
Percentile par nombre de réponses
Votre historique - résultats
Vous n’avez pas pris ce quiz